[Event "Master Open"]
[Site "Voronezh"]
[Date "2018.06.16"]
[Round "5.26"]
[White "Pogosyan, Stefan"]
[Black "Korneev, Oleg"]
[Result "1/2-1/2"]
[WhiteElo "2359"]
[BlackElo "2517"]
[Annotator ""]
[Source ""]
[Remark ""]

1.Nf3 d5 2.b3 Bf5 3.Bb2 e6 4.e3 Nf6 5.Be2 h6 6.O-O Be7 7.c4 c6
8.d4 O-O 9.Nbd2 Nbd7 10.c5 a5 11.a3 b5 12.b4 a4 13.Ne5 Nxe5 14.dxe5
Nd7 15.f4 f6 16.Nf3 fxe5 17.Nxe5 Nxe5 18.Bxe5 Bf6 19.Qd4 Bxe5
20.Qxe5 Qf6 21.Qxf6 gxf6 22.Rad1 Be4 23.Bd3 f5 24.Be2 Kf7 25.Kf2
Kg6 26.g3 h5 27.h4 Kh6 28.Rd4 Kg6 29.Rdd1 Kh6 30.Rd4 Kg6 31.Rdd1
Kh6 1/2-1/2

[Event "Master Open"]
[Site "Voronezh"]
[Date "2018.06.16"]
[Round "5.27"]
[White "Ponkratov, Pavel"]
[Black "Murtazin, Ruslan"]
[Result "1-0"]
[WhiteElo "2622"]
[BlackElo "2308"]
[Annotator ""]
[Source ""]
[Remark ""]

1.d4 Nf6 2.c4 c5 3.d5 e6 4.Nc3 exd5 5.cxd5 d6 6.Nf3 g6 7.Bf4
a6 8.Nd2 b5 9.a4 b4 10.Nce4 Nh5 11.Be3 f5 12.g4 Nf6 13.gxf5 Nxe4
14.Nxe4 Bxf5 15.Ng5 Bg7 16.Ne6 Bxe6 17.dxe6 Bxb2 18.Bg2 Ra7 19.Rb1
Bc3+ 20.Kf1 O-O 21.Bd5 Kh8 22.h4 Qf6 23.Rh3 Qe5 24.Bh6 Rf6 25.Rxc3
Qxc3 26.Rb3 Qe5 27.Bc1 Qh2 28.f4 Rxe6 29.Bb2+ Rg7 30.Qd2 Re8
31.Bg2 Qxh4 32.Rh3 Qe7 33.Qd3 Qe6 34.Bd5 Qf5 35.Qxf5 gxf5 36.Rh6
Nd7 37.Rxd6 Nf8 38.Rxa6 Ng6 39.Ra7 Ne7 40.Bc4 h5 41.Bb5 c4 42.Bxg7+
Kxg7 43.Bxe8 Kf8 44.Ra8 c3 45.a5 1-0

[Event "Master Open"]
[Site "Voronezh"]
[Date "2018.06.16"]
[Round "5.28"]
[White "Volkov, Sergey"]
[Black "Sergienko, Sergey"]
[Result "1-0"]
[WhiteElo "2580"]
[BlackElo "2315"]
[Annotator ""]
[Source ""]
[Remark ""]

1.d4 Nf6 2.c4 c5 3.d5 e6 4.Nc3 exd5 5.cxd5 d6 6.Nf3 g6 7.Bg5
h6 8.Bh4 Bg7 9.Nd2 O-O 10.e4 a6 11.a4 Re8 12.Be2 Nbd7 13.O-O
g5 14.Bg3 Ne5 15.f4 gxf4 16.Rxf4 b6 17.h3 Ra7 18.Kh1 Nh7 19.Rf2
Ng5 20.Qc2 Ng6 21.h4 Nh7 22.Nc4 Ne5 23.Ne3 Bf6 24.Rf4 Ng6 25.Rxf6
Nxf6 26.Nc4 Ne5 27.Bxe5 dxe5 28.Qd3 Nh5 29.Bxh5 Qxh4+ 30.Kg1
Qxh5 31.Nxb6 Qg6 32.a5 Bg4 33.Rf1 Kh7 34.Nca4 Rc7 35.Rf2 Rg8
36.d6 Rc6 37.Nc4 Qe6 38.Qd5 Bh5 39.Qxe6 fxe6 40.d7 Kg7 41.Nxe5
Rc7 42.Nb6 Rd8 43.b3 c4 44.bxc4 Rc5 45.Nd3 Rc7 46.Nb4 Rc5 47.Ra2
Bg6 48.Nxa6 Re5 49.Nc7 Bxe4 50.a6 Kf6 51.a7 Bb7 52.a8Q Bxa8 53.Ncxa8
Rc5 54.Ra7 Rc6 55.Rb7 Ke5 56.Nc7 Kd6 57.Na6 e5 1-0

[Event "Master Open"]
[Site "Voronezh"]
[Date "2018.06.16"]
[Round "5.29"]
[White "Khegay, Dmitriy"]
[Black "Ergeshov, Timur"]
[Result "1/2-1/2"]
[WhiteElo "2495"]
[BlackElo "2290"]
[Annotator ""]
[Source ""]
[Remark ""]

1.d4 Nf6 2.Bg5 Ne4 3.Bf4 d5 4.e3 Bf5 5.f3 Nf6 6.g4 Bg6 7.h4 h5
8.g5 Nfd7 9.Nc3 e6 10.Bd3 Bxd3 11.Qxd3 g6 12.e4 c6 13.O-O-O Be7
14.Bxb8 Qxb8 15.Nge2 Qc7 16.f4 O-O-O 17.Qh3 dxe4 18.Nxe4 Nb6
19.Rhf1 Rd7 20.Nf2 Nc4 21.Qb3 b5 22.Nd3 Ne3 23.Ne5 Nxf1 24.Rxf1
Bd6 25.Nxd7 Qxd7 26.Qf3 Rd8 27.Nc3 Bc7 28.Rd1 b4 29.Ne2 Qd5 30.Qxd5
Rxd5 31.Rd3 Ra5 32.Kb1 Rf5 33.Rf3 c5 34.dxc5 Rxc5 35.a3 Rc4 36.axb4
Re4 37.Rf2 Bb6 38.Rh2 Rxb4 39.c3 Re4 40.Kc2 Kd7 41.Kd2 Kc6 42.Rh3
Bc7 43.Rf3 Ra4 44.Rf1 Ra2 45.Kc2 Bb6 46.c4 Ra5 47.Kc3 Kd7 48.Rd1+
Kc8 49.Rf1 Be3 50.Rf3 Bb6 51.Nc1 Rf5 52.Nd3 Bc7 53.Kd4 e5+ 54.Ke4
exf4 55.Nxf4 Re5+ 56.Kd3 Rf5 57.Ke3 Re5+ 58.Kf2 Re4 59.Nd5 Rxh4
60.Rxf7 Rxc4 61.Ne7+ Kd7 62.Nxg6+ Ke8 63.Rh7 Rc5 64.Rxh5 Bd8
65.Rh8+ Kf7 66.Rxd8 Kxg6 67.Rg8+ Kf7 68.Ra8 Kg6 69.Rg8+ Kf7 70.Rb8
Rxg5 71.Rb7+ Ke6 72.Ke3 Ra5 73.Kd4 Kd6 74.b4 1/2-1/2

[Event "Master Open"]
[Site "Voronezh"]
[Date "2018.06.16"]
[Round "5.30"]
[White "Nesterov, Arseniy"]
[Black "Domogaev, Sergey"]
[Result "1-0"]
[WhiteElo "2317"]
[BlackElo "2433"]
[Annotator ""]
[Source ""]
[Remark ""]

1.d4 Nf6 2.c4 e6 3.Nf3 d5 4.Bg5 dxc4 5.Qa4+ Nbd7 6.e3 c6 7.Qxc4
Qa5+ 8.Nbd2 Ne4 9.Bf4 g5 10.Bc7 Qxc7 11.Nxe4 Qa5+ 12.Nfd2 Be7
13.Bd3 c5 14.O-O Nb6 15.Qc2 cxd4 16.Nb3 Qd5 17.Nxd4 Bd7 18.Nc3
Qe5 19.Be4 Rb8 20.Rad1 g4 21.Qe2 f5 22.f4 gxf3 23.Nxf3 Qc5 24.Bc2
O-O 25.Kh1 Bf6 26.e4 Kh8 27.e5 Be7 28.Bb3 Rg8 29.Rxd7 Nxd7 30.Bxe6
Rgd8 31.Bxf5 Nb6 32.Bd3 Rg8 33.Qe4 Rg7 34.Nd4 Nd7 35.Ne6 Qxe5
36.Nxg7 Qxg7 37.Qxh7+ Qxh7 38.Bxh7 Bf6 39.Bf5 Nb6 40.Be6 Bd4
41.g3 Re8 42.Bb3 1-0

[Event "Master Open"]
[Site "Voronezh"]
[Date "2018.06.16"]
[Round "5.31"]
[White "Gukesh, D"]
[Black "Krivtsov, Alexander"]
[Result "1-0"]
[WhiteElo "2431"]
[BlackElo "2232"]
[Annotator ""]
[Source ""]
[Remark ""]

1.Nf3 Nf6 2.g3 d5 3.Bg2 g6 4.O-O Bg7 5.d4 O-O 6.c4 c6 7.Nbd2
Bf5 8.b3 Qd7 9.Ba3 a5 10.Ne5 Qd8 11.e3 h5 12.f4 Nbd7 13.h3 Be4
14.Nxe4 Nxe4 15.Bxe4 dxe4 16.Qc2 Nf6 17.g4 hxg4 18.hxg4 a4 19.Kg2
Qc8 20.f5 Re8 21.Kh1 b5 22.Qg2 g5 23.b4 Qb7 24.Rac1 Ra6 25.Rc3
Rea8 26.Rfc1 Ne8 27.R3c2 Nd6 28.c5 Bxe5 29.dxe5 Nc4 30.Qh3 Kg7
31.Rh2 Nxe5 32.Qh6+ 1-0

[Event "Master Open"]
[Site "Voronezh"]
[Date "2018.06.16"]
[Round "5.32"]
[White "Shagbazyan, Taron"]
[Black "Tsvetkov, Andrey"]
[Result "1-0"]
[WhiteElo "2429"]
[BlackElo "2220"]
[Annotator ""]
[Source ""]
[Remark ""]

1.d4 d5 2.c4 c6 3.Nf3 Nf6 4.Nc3 e6 5.e3 Nbd7 6.Qc2 Bd6 7.Bd3
dxc4 8.Bxc4 O-O 9.O-O b5 10.Be2 Bb7 11.e4 e5 12.Rd1 Qc7 13.Bg5
exd4 14.Rxd4 Bc5 15.Rd2 Ng4 16.Bh4 Nde5 17.Nxe5 Nxe5 18.Rc1 Rac8
19.Na4 Be7 20.Bxe7 Qxe7 21.Nc5 Rcd8 22.b4 Rxd2 23.Qxd2 Rd8 24.Qf4
Bc8 25.g3 Rd4 26.Qe3 Qd8 27.a3 Nc4 28.Bxc4 Rxc4 29.Kg2 Rxc1 30.Qxc1
a5 31.Qc3 axb4 32.axb4 Qd6 33.Qd3 Qe7 34.f4 Be6 35.f5 Bc8 36.e5
h5 37.Qe4 Qg5 38.e6 Qd2+ 39.Kg1 Qd1+ 40.Kf2 Qd2+ 41.Kf3 Qd1+
42.Kg2 Qd2+ 43.Kh3 Qf2 44.Nd3 Qf1+ 45.Kh4 fxe6 46.Qxc6 Qxf5 47.Qe8+
Qf8 48.Qxf8+ Kxf8 49.Kxh5 Bb7 50.Nc5 Bd5 51.Kg5 Kf7 52.h4 Ba2
53.Kf4 Kf6 54.Ne4+ Ke7 55.Ke5 Bd5 56.Nd6 Bc6 57.Nc8+ Kf7 58.g4
Bd7 59.Nd6+ Ke7 60.Ne4 Bc6 61.Nc3 g5 62.hxg5 Bf3 63.Nxb5 Bxg4
64.Nd6 Bf3 65.g6 Kf8 66.Kxe6 Kg7 67.Nf5+ 1-0

[Event "Master Open"]
[Site "Voronezh"]
[Date "2018.06.16"]
[Round "5.33"]
[White "Looshnikov, Nikolai"]
[Black "Davydov, Sergey P."]
[Result "1-0"]
[WhiteElo "2424"]
[BlackElo "2213"]
[Annotator ""]
[Source ""]
[Remark ""]

1.e4 c5 2.Nf3 d6 3.d4 cxd4 4.Nxd4 Nf6 5.Nc3 Nc6 6.Bg5 e6 7.Qd2
Be7 8.O-O-O a6 9.f4 Bd7 10.Nb3 Qc7 11.Be2 O-O-O 12.Bxf6 gxf6
13.Bh5 Be8 14.Qe3 Na5 15.Qh3 b5 16.Nxa5 Qxa5 17.Nd5 Rd7 18.Nxe7+
Rxe7 19.Rxd6 Rc7 20.Kb1 Qa4 21.Qd3 Bc6 22.Bxf7 Bxe4 23.Bxe6+
Kb8 24.Rd8+ Rxd8 25.Qxd8+ Kb7 26.Bd5+ Bxd5 27.Qxd5+ Ka7 28.Qd2
Re7 29.b3 Qe4 30.Rd1 1-0

[Event "Master Open"]
[Site "Voronezh"]
[Date "2018.06.16"]
[Round "5.34"]
[White "Solozhenkina, Elizaveta"]
[Black "Cherniaev, Alexander"]
[Result "0-1"]
[WhiteElo "2258"]
[BlackElo "2417"]
[Annotator ""]
[Source ""]
[Remark ""]

1.e4 c5 2.Nf3 e6 3.Nc3 Nc6 4.d4 cxd4 5.Nxd4 Nf6 6.Be3 Bb4 7.f3
d5 8.Bb5 Bd7 9.Bxc6 Bxc6 10.e5 Nd7 11.f4 g6 12.O-O h5 13.a3 Be7
14.Ndb5 Bxb5 15.Nxb5 a6 16.Nd6+ Bxd6 17.exd6 Rc8 18.Bd4 f6 19.Qe2
Kf7 20.Rae1 Nf8 21.b4 Rc4 22.Rd1 Rh7 23.Kh1 Qc8 24.c3 Rc6 25.Rc1
Rc4 26.Rce1 Qd8 27.Rf3 b6 28.Qf2 Rc6 29.f5 exf5 30.Re7+ Kg8 31.Rxf5
Rxd6 32.Rxh7 Nxh7 33.Qg3 Kf7 34.Rf1 Re6 35.Qd3 b5 36.Qg3 Qd6
37.Qh4 Re4 38.Qh3 Qe6 39.Qg3 g5 40.h3 Kg6 41.Qc7 Re2 42.Rf3 Re1+
43.Kh2 Re2 44.Qd8 Re4 45.Kg1 Rf4 46.Re3 Re4 47.Rf3 g4 48.hxg4
hxg4 49.Rf1 Re1 50.Qb8 Ng5 51.Qf4 Rxf1+ 52.Kxf1 Qf5 53.Qxf5+
Kxf5 54.Ke2 Ne6 55.Ba7 Ke4 56.Bb6 f5 57.Ba7 f4 58.Bb8 Nf8 59.Bd6
Ng6 60.Bc5 Ne5 61.Bd4 Nc4 62.Bg7 Nxa3 63.Bf6 Nc4 64.Bg7 Ne5 65.Bf6
Nc6 66.Bg7 d4 67.cxd4 Nxb4 0-1

[Event "Master Open"]
[Site "Voronezh"]
[Date "2018.06.16"]
[Round "5.35"]
[White "Sargissyan, Sargis"]
[Black "Palachev, Petr"]
[Result "1/2-1/2"]
[WhiteElo "2249"]
[BlackElo "2405"]
[Annotator ""]
[Source ""]
[Remark ""]

1.e4 c5 2.Nf3 d6 3.d4 cxd4 4.Nxd4 Nf6 5.Nc3 a6 6.a3 e5 7.Nf5
Bxf5 8.exf5 d5 9.Bg5 d4 10.Bxf6 Qxf6 11.Nd5 Qc6 12.c4 Nd7 13.Rc1
Nf6 14.g3 g6 15.Bg2 Bh6 16.f4 Nxd5 17.Bxd5 Qc7 18.Qa4+ Kf8 19.fxg6
hxg6 20.O-O f5 21.Rce1 e4 22.Qb4+ Kg7 23.g4 Bxf4 24.Rxf4 Qxf4
25.Qe7+ Kh6 26.Qh4+ Kg7 27.Qe7+ 1/2-1/2

[Event "Master Open"]
[Site "Voronezh"]
[Date "2018.06.16"]
[Round "5.36"]
[White "Dmitriev, Igor"]
[Black "Nozdrachev, Leonid"]
[Result "0-1"]
[WhiteElo "2236"]
[BlackElo "2400"]
[Annotator ""]
[Source ""]
[Remark ""]

1.c4 e5 2.Nc3 Nf6 3.Nf3 Nc6 4.e3 h6 5.Qc2 Be7 6.a3 a5 7.b3 O-O
8.Bb2 Re8 9.Bd3 Bf8 10.O-O d6 11.Ne4 Nxe4 12.Bxe4 Ne7 13.d4 f5
14.Bd5+ Nxd5 15.cxd5 e4 16.Nd2 b6 17.Rfc1 Re7 18.b4 Bb7 19.Qb3
Qe8 20.Nb1 Qf7 21.Nc3 g5 22.Re1 Bg7 23.b5 Rae8 24.Rad1 f4 25.exf4
gxf4 26.Bc1 f3 27.g3 Qh5 28.Qc4 Bf6 29.a4 Bc8 30.Be3 Bh3 31.Rc1
Bg2 32.Ne2 Bg5 33.Nf4 Bxf4 34.Bxf4 Rf8 35.g4 Qxg4 36.Bg3 h5 0-1

[Event "Master Open"]
[Site "Voronezh"]
[Date "2018.06.16"]
[Round "5.37"]
[White "Provotorov, Ivan"]
[Black "German, Nikita"]
[Result "1/2-1/2"]
[WhiteElo "2378"]
[BlackElo "2182"]
[Annotator ""]
[Source ""]
[Remark ""]

1.d4 Nf6 2.c4 g6 3.f3 Bg7 4.e4 d6 5.Nc3 O-O 6.Nge2 Nc6 7.Be3
a6 8.Qd2 Rb8 9.Rc1 Bd7 10.Nd1 Re8 11.Nf2 b5 12.c5 dxc5 13.Rxc5
e5 14.d5 Ne7 15.Qc1 Nc8 16.Nd3 Nb6 17.b3 Bf8 18.Ng3 Bxc5 19.Nxc5
Bc8 20.Be2 Qd6 21.O-O c6 22.f4 cxd5 23.fxe5 Qxe5 24.Bf4 Qd4+
25.Kh1 Nbd7 26.Nxd7 Bxd7 27.Bxb8 Rxb8 28.Qf4 Rb6 29.Rd1 Qb4 30.Qf2
Re6 31.exd5 Rd6 32.Bf3 Qf4 33.Qc5 Kg7 34.Qc3 Kg8 35.Ne2 Qg5 36.Qc5
Qe5 37.Nc1 Bf5 38.Qd4 Qxd4 39.Rxd4 g5 40.h3 h5 41.Ne2 g4 42.Ng3
Be6 43.hxg4 hxg4 44.Ne4 Nxe4 45.Bxe4 f5 46.Bd3 Kg7 47.a4 Rxd5
48.Rxd5 Bxd5 49.axb5 axb5 50.Bxb5 Bxb3 51.g3 Kf6 52.Kg1 Ke5 53.Kf2
Kd4 54.Bd7 Bc2 55.Bc8 Be4 56.Bd7 Kd3 57.Bc8 Kd2 58.Bd7 Bd3 59.Bc8
Be4 1/2-1/2

[Event "Master Open"]
[Site "Voronezh"]
[Date "2018.06.16"]
[Round "5.38"]
[White "Bykov, Oleg"]
[Black "Kochukova, Anna"]
[Result "1-0"]
[WhiteElo "2375"]
[BlackElo "2170"]
[Annotator ""]
[Source ""]
[Remark ""]

1.d4 d5 2.c4 dxc4 3.e4 Nf6 4.e5 Nd5 5.Bxc4 Nb6 6.Bb3 Nc6 7.Nf3
Bg4 8.Bxf7+ Kxf7 9.Ng5+ Ke8 10.Qxg4 Qxd4 11.Ne4 Qxe5 12.O-O Nd4
13.Nbc3 Qf5 14.Qh4 Rd8 15.Ng3 Qg6 16.Bf4 c6 17.Be5 Nf5 18.Nxf5
Qxf5 19.Rae1 Nd5 20.Bxg7 Rg8 21.Bxf8 Qxf8 22.Qxh7 Nf6 23.Qf5
Qg7 24.g3 Rh8 25.Re6 Rd7 26.Rfe1 Kd8 27.Qe5 Kc8 28.Nb5 1-0

[Event "Master Open"]
[Site "Voronezh"]
[Date "2018.06.16"]
[Round "5.39"]
[White "Yeritsyan, Aram"]
[Black "Volotovsky, Kirill"]
[Result "1/2-1/2"]
[WhiteElo "2370"]
[BlackElo "2159"]
[Annotator ""]
[Source ""]
[Remark ""]

1.e4 e5 2.Bc4 Nf6 3.d3 c6 4.Nf3 d5 5.Bb3 Bb4+ 6.Bd2 Bxd2+ 7.Qxd2
Nbd7 8.exd5 cxd5 9.d4 e4 10.Ne5 Qe7 11.Nxd7 Bxd7 12.Nc3 Be6 13.O-O
O-O 14.Rae1 Qd6 15.f3 exf3 16.Rxf3 Rae8 17.Rg3 Bf5 18.Rxe8 Rxe8
19.Qg5 g6 20.Re3 Rxe3 21.Qxe3 Qxh2+ 22.Kxh2 Ng4+ 23.Kg3 Nxe3
24.Nxd5 Nxd5 25.Bxd5 Bxc2 26.Bxb7 Kg7 27.Kf4 Kf6 28.Be4 Ba4 29.b3
Bd7 30.b4 h5 31.Bc2 g5+ 32.Ke3 h4 33.a4 Ke7 34.d5 Kd6 35.Kd4
g4 36.b5 h3 37.gxh3 g3 38.Be4 Bxh3 39.Ke3 f5 40.Bf3 f4+ 41.Kxf4
g2 42.Bxg2 Bxg2 43.a5 Bxd5 44.b6 a6 45.Ke3 Kc5 46.Kd2 Kb4 1/2-1/2

[Event "Master Open"]
[Site "Voronezh"]
[Date "2018.06.16"]
[Round "5.40"]
[White "Shemyakin, Valeriy"]
[Black "Apryshko, Gleb"]
[Result "0-1"]
[WhiteElo "2229"]
[BlackElo "2366"]
[Annotator ""]
[Source ""]
[Remark ""]

1.d4 g6 2.c4 Bg7 3.e4 Nc6 4.Be3 e5 5.Ne2 exd4 6.Nxd4 Qf6 7.Nxc6
dxc6 8.Nc3 Qe7 9.Qc2 Nf6 10.f3 O-O 11.Be2 a5 12.O-O Nd7 13.f4
Nc5 14.Bf3 Be6 15.b3 Bf5 16.Bxc5 Qxc5+ 17.Kh1 Be6 18.e5 Rfd8
19.Ne4 Qe3 20.Qc1 Qb6 21.Qe1 a4 22.c5 Qa6 23.Be2 Qa7 24.b4 a3
25.Qh4 h6 26.Nf6+ Kh8 27.Bg4 Bc4 28.Rfc1 Bd3 29.e6 fxe6 30.Bxe6
Rf8 31.Nd7 Rfe8 32.Bf7 Re2 33.Ne5 Be4 34.Re1 Qa6 35.Bxg6 Bxg2+
36.Kg1 Qc4 37.Rxe2 Qxe2 38.Re1 Qd2 39.Bh5 Bd5 40.Re2 Qxb4 41.Bf7
Qxc5+ 42.Kf1 Qc1+ 43.Re1 Qc2 44.Bxd5 cxd5 45.Nf7+ Kh7 46.Qh5
Rf8 47.f5 Qd3+ 48.Kg2 Kg8 49.Re8 Qd2+ 50.Re2 Qf4 51.Re7 b5 52.Qg6
b4 53.Kh3 h5 54.Qxh5 b3 55.Ng5 Qxf5+ 56.Kh4 b2 0-1

[Event "Master Open"]
[Site "Voronezh"]
[Date "2018.06.16"]
[Round "5.41"]
[White "Demianjuk, Alexander"]
[Black "Volkov, Roman"]
[Result "1-0"]
[WhiteElo "2346"]
[BlackElo "2116"]
[Annotator ""]
[Source ""]
[Remark ""]

1.e4 e5 2.Nf3 Nc6 3.Nc3 Nf6 4.Bb5 Bd6 5.d3 a6 6.Ba4 b5 7.Bb3
Na5 8.O-O O-O 9.Bg5 h6 10.Bh4 Nxb3 11.axb3 Bb7 12.Re1 Re8 13.d4
exd4 14.Qxd4 Be7 15.e5 Nh7 16.Bxe7 Qxe7 17.Nd5 Qd8 18.Rad1 Ng5
19.Nxg5 Qxg5 20.h4 Qg6 21.c4 d6 22.Re3 c5 23.Qd2 dxe5 24.Rg3
Qd6 25.Qe2 Bxd5 26.Rxd5 Qe7 27.Qg4 g6 28.h5 g5 29.Rd7 Qe6 30.Qd1
Kg7 31.Rf3 Rf8 32.Rfd3 bxc4 33.R3d6 Qf5 34.bxc4 Rab8 35.Rg6+
Kh7 36.Qd6 Rxb2 37.Rxh6+ Kg7 38.Rg6+ Kh7 39.Rh6+ Kg7 40.Rg6+
Kh7 41.Rf6 Qb1+ 42.Kh2 Rbb8 43.Rh6+ Kg8 44.Qf6 1-0

[Event "Master Open"]
[Site "Voronezh"]
[Date "2018.06.16"]
[Round "5.42"]
[White "Perov, German"]
[Black "Sattarov, Bobir"]
[Result "1-0"]
[WhiteElo "2159"]
[BlackElo "2351"]
[Annotator ""]
[Source ""]
[Remark ""]

1.e4 e5 2.Nc3 Nf6 3.Nf3 d6 4.d4 Nbd7 5.Bc4 Be7 6.a4 O-O 7.O-O
a5 8.h3 c6 9.Ba2 h6 10.Qe2 Nh7 11.Rd1 Bf6 12.Be3 Qe7 13.Rd2 Re8
14.Rad1 Nhf8 15.Nh2 Ng6 16.Qh5 Ndf8 17.Ng4 Bg5 18.Bxg5 Bxg4 19.hxg4
hxg5 20.g3 Rad8 21.d5 Qf6 22.Kg2 Ne7 23.Rh1 Nfg6 24.Rd3 Kf8 25.Rf3
Nf4+ 26.gxf4 exf4 27.Qh8+ Ng8 28.dxc6 bxc6 29.Rh7 Rd7 30.Rfh3
g6 31.Qxf6 Nxf6 32.Rh8+ Ng8 33.Rd3 Kg7 34.Rh1 Nh6 35.Kf3 f5 36.exf5
gxf5 37.gxf5 d5 38.f6+ Kg6 39.Rdd1 Nf7 40.Kg2 Kxf6 41.Bxd5 cxd5
42.Nxd5+ Ke6 43.Rhe1+ Ne5 44.Nxf4+ gxf4 45.Rxe5+ Kxe5 46.Re1+
Kf5 47.Rxe8 Rd2 48.Kf3 Rxc2 49.Rb8 Ke5 50.Rb5+ Kd4 51.Rxa5 Rxb2
52.Rf5 Ra2 53.Rxf4+ Ke5 54.Rb4 Kf5 1-0

[Event "Master Open"]
[Site "Voronezh"]
[Date "2018.06.16"]
[Round "5.43"]
[White "Mammadzada, Gunay"]
[Black "Khokhlova, Daria"]
[Result "1-0"]
[WhiteElo "2442"]
[BlackElo "2198"]
[Annotator ""]
[Source ""]
[Remark ""]

1.e4 c5 2.Nf3 d6 3.d4 cxd4 4.Nxd4 Nf6 5.Nc3 a6 6.Be3 e5 7.Nb3
Be6 8.Qd2 Nbd7 9.O-O-O b5 10.f4 Rc8 11.Kb1 Be7 12.h3 O-O 13.g4
b4 14.Nd5 Nxe4 15.Qg2 Bxd5 16.Rxd5 Nef6 17.Rd1 exf4 18.Bxf4 Nc5
19.Nd4 Ne6 20.Nxe6 fxe6 21.Bxa6 Ra8 22.Qe2 Kh8 23.Bc4 Nd5 24.Bc1
Nc7 25.h4 d5 26.g5 Qe8 27.Bb3 Bd6 28.h5 Qb5 29.Qg4 Rf5 30.Rhe1
Qd7 31.Bd2 Raf8 32.h6 g6 33.Bxb4 Bxb4 34.Qxb4 Rxg5 35.Qxf8# 1-0

[Event "Master Open"]
[Site "Voronezh"]
[Date "2018.06.16"]
[Round "5.44"]
[White "Peskov, Alexsey"]
[Black "Odegov, Artem"]
[Result "1/2-1/2"]
[WhiteElo "2391"]
[BlackElo "2219"]
[Annotator ""]
[Source ""]
[Remark ""]

1.d4 d5 2.c4 c6 3.Nf3 Nf6 4.cxd5 cxd5 5.Nc3 Nc6 6.Bf4 a6 7.Rc1
Bf5 8.Ne5 Rc8 9.f3 h6 10.g4 Bd7 11.h4 e6 12.e3 Be7 13.Bd3 b5
14.Kf2 Qb6 15.Ne2 Nxe5 16.Bxe5 Bd6 17.Bxd6 Qxd6 18.Ng3 Ng8 19.Rxc8+
Bxc8 20.Qc2 Ne7 21.Rc1 Kd7 22.Qc5 Qxc5 23.Rxc5 Bb7 24.Nh5 Rg8
25.Rc1 Nc6 26.f4 Kd6 27.Ke2 Nb4 28.Bb1 Nc6 29.Kd2 Ke7 30.Rg1
g5 31.Ke2 gxh4 32.Bh7 Rh8 33.Bb1 Rg8 1/2-1/2

[Event "Master Open"]
[Site "Voronezh"]
[Date "2018.06.16"]
[Round "5.45"]
[White "Konnov, Oleg"]
[Black "Zaika, Daniil"]
[Result "0-1"]
[WhiteElo "2311"]
[BlackElo "2118"]
[Annotator ""]
[Source ""]
[Remark ""]

1.d4 d5 2.c4 c6 3.Nc3 Nf6 4.Nf3 dxc4 5.e3 b5 6.a4 b4 7.Na2 e6
8.Bxc4 Be7 9.Qe2 O-O 10.O-O Bb7 11.Rd1 Qb6 12.e4 c5 13.e5 Nd5
14.Bg5 Bxg5 15.Nxg5 Nd7 16.Qe4 g6 17.Qh4 h5 18.dxc5 Nxc5 19.Bxd5
Bxd5 20.Nxb4 Bb3 21.Rd6 Qb7 22.Nc6 Bd5 23.Nd4 Qxb2 24.Rd1 Rac8
25.h3 Qb4 26.Rxd5 exd5 27.g4 Qxa4 28.Rd2 Nb3 29.gxh5 Nxd2 30.hxg6
Nf3+ 31.Ngxf3 fxg6 32.Qg4 Rc1+ 33.Kg2 Qe8 34.e6 Rc4 35.h4 Rf5
36.h5 Rxh5 37.Qg3 Qe7 38.Qb8+ Kh7 39.Qb5 0-1

[Event "Master Open"]
[Site "Voronezh"]
[Date "2018.06.16"]
[Round "5.46"]
[White "Gurvich, Vitaly"]
[Black "Thrish, Karthik"]
[Result "1-0"]
[WhiteElo "2305"]
[BlackElo "2111"]
[Annotator ""]
[Source ""]
[Remark ""]

1.d4 d5 2.c4 c6 3.cxd5 cxd5 4.Bg5 Nf6 5.Bxf6 gxf6 6.Nc3 Nc6 7.e3
e6 8.Rc1 Qb6 9.Qd2 Bd7 10.Nge2 Bh6 11.f4 Ne7 12.Ng3 e5 13.Be2
O-O 14.O-O Qd6 15.Nh5 e4 16.g4 Kh8 17.Kh1 Rg8 18.Rg1 Rg6 19.Nb5
Qb6 20.a4 Rag8 21.a5 Qd8 22.Nd6 Qf8 23.f5 Rg5 24.Nxf6 Nc6 25.Nxb7
Qb8 26.a6 Rd8 27.Nxd8 Qxd8 28.Nxd7 Qxd7 29.Bb5 f6 30.Rxc6 Rh5
31.gxh5 1-0

[Event "Master Open"]
[Site "Voronezh"]
[Date "2018.06.16"]
[Round "5.47"]
[White "Stukan, Martin"]
[Black "Najdin, Danil"]
[Result "0-1"]
[WhiteElo "2183"]
[BlackElo "2250"]
[Annotator ""]
[Source ""]
[Remark ""]

1.d4 Nf6 2.Nf3 g6 3.c4 Bg7 4.Nc3 O-O 5.e4 d6 6.Be2 e5 7.Be3 Nc6
8.d5 Ne7 9.Nd2 Nd7 10.b4 f5 11.f3 fxe4 12.fxe4 a5 13.a3 c6 14.Nb3
a4 15.Nd2 Nb6 16.Nf3 Bd7 17.O-O cxd5 18.cxd5 Rc8 19.Nb5 Nbxd5
20.exd5 Nf5 21.Ba7 Bxb5 22.Bxb5 Ra8 23.Bf2 e4 24.Rc1 exf3 25.Qxf3
Bh6 26.Rce1 Bd2 27.Rd1 Ne3 28.Qe2 Nxf1 29.Rxf1 Bc3 30.Qg4 Be5
31.g3 Rf7 32.Kg2 Kg7 33.h4 Rc8 34.Bxa4 Ra8 35.Bc2 Rxa3 36.h5
Rxf2+ 37.Kxf2 Qb6+ 0-1

[Event "Master Open"]
[Site "Voronezh"]
[Date "2018.06.16"]
[Round "5.48"]
[White "Lysenko, Margarita"]
[Black "Parfenov, Viktor N."]
[Result "1/2-1/2"]
[WhiteElo "2203"]
[BlackElo "2247"]
[Annotator ""]
[Source ""]
[Remark ""]

1.d4 Nf6 2.c4 e6 3.Nc3 d5 4.Bg5 Be7 5.e3 Nbd7 6.Nf3 h6 7.Bh4
O-O 8.cxd5 Nxd5 9.Bxe7 Qxe7 10.Nxd5 exd5 11.Bd3 c5 12.dxc5 Nxc5
13.Bc2 Bg4 14.O-O Rfd8 15.h3 Bxf3 16.Qxf3 Qe5 17.b4 Ne4 18.Rfd1
Rac8 19.Bd3 Rd6 20.Rac1 Rc3 21.Rxc3 Nxc3 22.Rc1 g6 23.a3 Rc6
24.Rc2 d4 25.exd4 Qxd4 26.Bf1 Ne4 27.Rxc6 bxc6 28.Qe3 Qxe3 29.fxe3
Kg7 30.Bd3 Nd6 31.a4 Kf6 32.Kf2 Ke5 33.Bc2 g5 34.g3 f6 35.h4
f5 36.hxg5 hxg5 37.Kf3 Ne4 38.g4 fxg4+ 39.Kxg4 Nf6+ 40.Kxg5 Nd5
41.b5 cxb5 42.axb5 Nxe3 43.Bg6 Nc4 44.Be8 Kd4 45.Kf4 Kc5 46.Bc6
Nd6 47.Ke3 Nxb5 48.Bxb5 Kxb5 1/2-1/2

[Event "Master Open"]
[Site "Voronezh"]
[Date "2018.06.16"]
[Round "5.49"]
[White "Volovich, Vasily"]
[Black "Sinitsina, Anastassia"]
[Result "1-0"]
[WhiteElo "2244"]
[BlackElo "2009"]
[Annotator ""]
[Source ""]
[Remark ""]

1.e4 c5 2.Nf3 d6 3.c3 Nf6 4.h3 b6 5.Bd3 Bb7 6.Qe2 Nbd7 7.O-O
Qc7 8.Bc2 Rc8 9.Na3 e6 10.d3 Be7 11.Bf4 a6 12.Rac1 b5 13.Nb1
O-O 14.Bh2 Qb6 15.Nbd2 Rfd8 16.Kh1 Nf8 17.a4 d5 18.e5 Ne8 19.d4
cxd4 20.Nxd4 b4 21.Bd3 a5 22.N2f3 Nc7 23.Bf4 Na6 24.Be3 Nc5 25.Bb5
Ba6 26.cxb4 Bxb5 27.Qxb5 Qxb5 28.axb5 Nd3 29.Rxc8 Rxc8 30.bxa5
Nd7 31.Nc6 Kf8 32.a6 Nxb2 33.Nxe7 Kxe7 34.b6 Nxb6 35.Bxb6 Nc4
36.Bd4 f6 37.a7 1-0

[Event "Master Open"]
[Site "Voronezh"]
[Date "2018.06.16"]
[Round "5.50"]
[White "Lystsov, Leonid"]
[Black "Schepetkova, Margarita"]
[Result "0-1"]
[WhiteElo "2086"]
[BlackElo "2244"]
[Annotator ""]
[Source ""]
[Remark ""]

1.d4 d5 2.Bf4 Nf6 3.e3 c5 4.c3 cxd4 5.exd4 Nc6 6.Nd2 Bf5 7.Ngf3
e6 8.Qb3 Bd6 9.Qxb7 O-O 10.Bxd6 Qxd6 11.Bb5 Ne7 12.Qa6 Qc7 13.Ba4
Rfb8 14.Bb3 Rb6 15.Qe2 a5 16.a4 Rab8 17.Ra3 Bg4 18.h3 Bxf3 19.gxf3
Ng6 20.Kd1 Qf4 21.Qe3 Qh4 22.Kc2 Nf4 23.Kc1 Qg5 24.h4 Qg2 25.Rf1
Ng6 26.Re1 Nxh4 27.Qf4 Nf5 28.Bc2 Qxf2 29.Rf1 Qe3 30.Qh2 Rxb2
31.Rd1 Nxd4 0-1

[Event "Master Open"]
[Site "Voronezh"]
[Date "2018.06.16"]
[Round "5.51"]
[White "Shoboev, Dandar"]
[Black "Kovalenko, Sergey"]
[Result "0-1"]
[WhiteElo "2091"]
[BlackElo "2237"]
[Annotator ""]
[Source ""]
[Remark ""]

1.d4 f5 2.Bf4 Nf6 3.Nf3 g6 4.e3 Bg7 5.Bc4 e6 6.h3 O-O 7.Nbd2
b6 8.Qe2 Bb7 9.O-O-O d5 10.Bd3 c5 11.c3 Qc8 12.g4 Ne4 13.gxf5
exf5 14.h4 cxd4 15.Nxd4 Nc6 16.Nxc6 Qxc6 17.Bxe4 dxe4 18.Nb3
Qa4 19.Kb1 Ba6 20.Qd2 Bd3+ 21.Ka1 Rfd8 22.h5 Rd5 23.hxg6 hxg6
24.Nc1 0-1

[Event "Master Open"]
[Site "Voronezh"]
[Date "2018.06.16"]
[Round "5.52"]
[White "Kyshtymov, Daniil"]
[Black "Sukhareva, Evgeniya"]
[Result "1/2-1/2"]
[WhiteElo "2032"]
[BlackElo "2234"]
[Annotator ""]
[Source ""]
[Remark ""]

1.e4 c5 2.Nf3 e6 3.d4 cxd4 4.Nxd4 a6 5.c4 Nf6 6.Nc3 Qc7 7.a3
b6 8.Be2 Bb7 9.Qd3 d6 10.f4 Nbd7 11.b4 Be7 12.O-O g6 13.Bb2 O-O
14.Rac1 Rac8 15.g4 e5 16.g5 Ne8 17.Nf3 Qd8 18.Nd5 exf4 19.Qd4
f6 20.Nxf4 Ng7 21.Rcd1 Kh8 22.Nd5 Bxd5 23.Qxd5 Qc7 24.Nd4 Ne5
25.Ne6 Nxe6 26.Qxe6 Rce8 27.gxf6 Bxf6 28.Qxd6 Qxd6 29.Rxd6 Nf3+
30.Rxf3 Bxb2 31.Kg2 Rxf3 32.Bxf3 Rb8 33.Rd3 Rc8 34.Be2 Kg7 35.Rb3
Be5 36.Rd3 Bb2 37.a4 Be5 38.Rd5 Bc3 39.Rd6 Bxb4 40.Rxb6 a5 41.Rb7+
Kh6 42.Rd7 Rc6 43.Rd5 Kg7 44.Rd7+ Kh6 45.Rd5 Kg7 1/2-1/2

[Event "Master Open"]
[Site "Voronezh"]
[Date "2018.06.16"]
[Round "5.53"]
[White "Yangutov, Aleksey"]
[Black "Mendonca, Leon Luke"]
[Result "1-0"]
[WhiteElo "1975"]
[BlackElo "2228"]
[Annotator ""]
[Source ""]
[Remark ""]

1.d4 Nf6 2.c4 b6 3.Nf3 e6 4.g3 Be7 5.Bg2 Bb7 6.O-O O-O 7.Nc3
Ne4 8.Qc2 Nxc3 9.Qxc3 d6 10.Re1 Be4 11.Nd2 Bxg2 12.Kxg2 c5 13.d5
exd5 14.cxd5 Nd7 15.a4 a6 16.Qb3 b5 17.axb5 axb5 18.Rxa8 Qxa8
19.e4 Qa6 20.Nf3 c4 21.Qc2 Bf6 22.Be3 g6 23.h4 h5 24.Qd2 Re8
25.Bd4 Bxd4 26.Qxd4 Ne5 27.Nxe5 Rxe5 28.f4 Re8 29.e5 Qa4 30.Re2
Qb3 31.Rd2 dxe5 32.fxe5 Qb4 33.d6 Rd8 34.Rf2 Qe1 35.d7 Qb4 36.e6
fxe6 37.Qf6 Rxd7 38.Qxe6+ 1-0